| 000 | 00825aab a2200193 i 4500 | ||
|---|---|---|---|
| 001 | 768714001 | ||
| 003 | CO-MdFUSB | ||
| 005 | 20230506110453.0 | ||
| 008 | 221108s2002 sp ||||| |||| 00| 0 spa d | ||
| 040 |
_bspa _cCO-MdFUSB _dCO-MdFUSB |
||
| 041 | _aspa | ||
| 100 | 1 |
_aWolde, Ellen van _eautor |
|
| 245 | 1 |
_aDiferentes perspectivas sobre la fe y la justicia : _bel Dios de Jacob y el Dios de Job _c/ Ellen van Wolde |
|
| 300 |
_aNúmero 294 (2002), Páginas 19-26 _c; 21 cm |
||
| 520 | _aHasta el día de hoy, muchos de nosotros suscribimos la opinión de que Dios es justo. Así expresamos nuestro confianza y esperanza de que Dios recompense a quienes obran ben y castigue a los malvados. | ||
| 650 | 7 |
_92116 _aJusticia |
|
| 773 | 0 |
_tConcilium _049450 _960418 _gNúmero 294 (2002), Páginas 19-26 _qPáginas 19 |
|
| 942 | _cANA | ||
| 999 |
_c49970 _d49970 |
||